000 01710cab a2200253 4500
001 L130932
008 050919n2005 000 0 eng u
035 _a(Sirsi) u130932
041 0 _aeng
100 1 _aOwen, Mark
245 _aTime to shift the emphasis
260 _c2005
490 _aEstates Gazette
_v(0536) 10 September 2005, 272-273(2)
520 _aAdvocates that negotiation of heads of terms should take precedence over the preparation and approval of the draft lease in commercial letting transactions. Revisits the authors' suggestions made just after the publication of the second edition of "A code of practice for commercial leases in England and Wales" (ISBN 1842190989) three years on when government has announced that it is looking to the property industry to undertake a joint review of the code and government will be undertaking a further three-year monitoring exercise. Assesses the principle issues relating to premises, lease term, break right, rent, rent review, repair and insurance, alienation, use, alterations, guarantee and rent deposit.
590 _aKA
650 _aLANDLORD AND TENANT ACT 1954
650 _aTOWN AND COUNTRY PLANNING (USE CLASSES) (AMENDMENT)(ENGLAND) ORDER 2005
650 _aCODE FOR LEASING BUSINESS PREMISES IN ENGLAND AND WALES
690 _aPROPERTY-COMMERCIAL PROPERTY-LEASEHOLD COMMERCIAL PROPERTY-COMMERCIAL LANDLORD AND TENANT-BUSINESS TENANCIES
700 1 _aMartin, John
856 4 1 _uhttps://www.commercialleasecodeew.co.uk/
_zView the code free of charge at www.commercialleasecodeew.co,uk...
856 4 1 _uhttps://www.reading.ac.uk/crer/leasefinal.pdf
_zView the final monitoring report at www.reading.ac.uk...
942 _n0
999 _c75894
_d75894